000 00718nam a2200241Ia 4500
003 OSt
005 20221005051812.0
006 a|||||r|||| 00| 0
007 ta
008 221004b |||||||| |||| 00| 0 eng d
024 _a60473
037 _cTextual
040 _aCRL
_cCRL
_beng
041 _2eng
_aeng
082 _aV791:19(zM).M40<--M10, M6
100 _aCosteloe Michael P
_9596406
245 0 _aResponse to revolution
_b Imperial Spain and the Spanish American revolution 1810-1840
260 _aLondon
_bCambridge UK
_c1986
300 _a272p.
_ccm.
650 _aSOCIOLOGY
942 _hV791:19(zM).M40<--M10, M6
_cTEXL
_2cc
999 _c959396
_d959396